Derecho de sociedades. Congreso UNIJÉS 2007 [celebrado en Barcelona durante los da̕s 11 y 12 de junio de 2007] /

Detalles Bibliográficos
Autores Corporativos: Congreso UNIJES Barcelona, Llebara̕ Samper, Sergio (ed.lit)
Otros Autores: Ginš Castellet, Nuria (ed. lit)
Formato: Procedimiento de la Conferencia
Lenguaje:español
Publicado: Barcelona : Bosch, 2007
Materias:
Acceso en línea:Acceso restringido

MARC

LEADER 00000ny a22000003n 4500
005 20110617110658.0
008 081218s2007 sp s 100 0 spa c
020 |a 8476988133 
035 |a 2369 
040 |a UMA.RE  |d vlex 
080 |a 347.72(063)(0.034) 
090 |c 1421  |d 1421 
111 2 |a Congreso UNIJES  |d (2007.  |c Barcelona) 
245 1 0 |a Derecho de sociedades. Congreso UNIJÉS 2007  |h [Recurso electrn̤ico]  |b [celebrado en Barcelona durante los da̕s 11 y 12 de junio de 2007] /  |c Nr︢ia Ginš Castellet, Sergio Llebara̕ Samper [ed.lit] 
256 |a Servicio en ln̕ea 
260 |a Barcelona :  |b Bosch,  |c 2007 
506 1 |a Contenido solo disponible en los productos indicados  |d vLex Global  |d vLex Global (Academic Edition, excluding Law Schools)  |d vLex Global (U.S. Academic Edition, Law Schools)  |d vLex Global (U.S. Academic Edition, excluding Law Schools)  |d vLex Global (Academic Edition, Law Schools) 
650 0 7 |a Sociedades  |2 Tesauro vLex 
650 0 7 |a Societario  |2 Tesauro vLex 
650 0 7 |a Derecho de sociedades  |2 Tesauro vLex 
700 1 |a Ginš Castellet, Nuria,  |e ed. lit 
710 2 |a Llebara̕ Samper, Sergio,  |e ed.lit 
740 0 |a vLex Libros (Servicios en ln̕ea) 
856 4 0 |u http://vlex.com/source/2369  |z Acceso restringido 
942 |c BOOK